000
00229 a2200097 4500
100
_a
Bismil Tufail
245
_a
Dill Deepak Hay
260
_a
Karachi
_b
Royal Book Company
_c
090
_c
23764
_d
23764
942
_a
NUST-CAE
_c
M
_c
15296
999
_c
403536
_d
403536